Rijeke Hrvatske - Statistics

General Stats
  • This quiz has been taken 885 times
  • The average score is 19 of 40
Answers on the Map
Answers color-coded by a green-red scale on the quiz's map according to % correct below.
 
Answer Stats
Rijeka % Correct
Sava
99%
Dunav
98%
Drava
96%
Kupa
89%
Neretva
84%
Cetina
81%
Una
80%
Korana
79%
Krka
76%
Mrežnica
72%
Mura
68%
Zrmanja
68%
Dobra
65%
Mirna
56%
Gacka
54%
Vuka
54%
Bosut
50%
Lika
49%
Čikola
48%
Lonja
43%
Raša
43%
Orljava
42%
Sutla
41%
Bednja
38%
Ilova
38%
Odra
35%
Krapina
34%
Glina
31%
Dragonja
30%
Česma
29%
Karašica
24%
Pakra
24%
Plitvica
17%
Vučica
17%
Sunja
16%
Glogovnica
15%
Trnava
14%
Krapinica
13%
Kupčina
11%
Londža
9%
No matching quizzes found
Score Distribution
Percent of People with Each Score
Percentile by Number Answered
Your Score History
You have not taken this quiz